000 00418nam a2200109 4500
999 _c11162
_d11162
008 181015b ||||| |||| 00| 0 eng d
245 _aGood governance:
_bprioritize resilience and be proactive in managing effects of climate change.
260 _aSan Miguel, Manila :
_bOP-Bureau of Communications Services,
_c2013-©2014.
300 _av22 n6, pages 11-14;
_c23cm.
650 0 _932214
_aClimate change
942 _2ddc
_cPER